Detalles MARC
| 000 -CABECERA |
| campo de control de longitud fija |
01970nam a2200325 i 4500 |
| 003 - IDENTIFICADOR DEL NÚMERO DE CONTROL |
| campo de control |
DO-SdBNP |
| 005 - FECHA Y HORA DE LA ÚLTIMA TRANSACCIÓN |
| campo de control |
20250616110620.0 |
| 007 - CAMPO FIJO DE DESCRIPCIÓN FÍSICA--INFORMACIÓN GENERAL |
| campo de control de longitud fija |
ta |
| 008 - DATOS DE LONGITUD FIJA--INFORMACIÓN GENERAL |
| campo de control de longitud fija |
100322s2019 dr c 000 0 spa d |
| 020 ## - NÚMERO INTERNACIONAL ESTÁNDAR DEL LIBRO |
| Número Internacional Estándar del Libro |
9789945804201 |
| 040 ## - FUENTE DE LA CATALOGACIÓN |
| Centro catalogador/agencia de origen |
DO-SdBNP |
| Lengua de catalogación |
spa |
| Centro/agencia transcriptor |
BNPHU |
| Normas de descripción |
rda |
| 041 ## - CÓDIGO DE LENGUA |
| Código de lengua del texto/banda sonora o título independiente |
spa |
| 082 #4 - NÚMERO DE LA CLASIFICACIÓN DECIMAL DEWEY |
| Número de clasificación |
xxx |
| Número de documento/Ítem |
M516a 2019 |
| Número de edición |
22 |
| 100 1# - ENTRADA PRINCIPAL--NOMBRE DE PERSONA |
| Nombre de persona |
Rosario, Reina |
| Término indicativo de función/relación |
autor |
| Código de función/relación |
aut. |
| 9 (RLIN) |
37920 |
| Forma completa/desarrollada del nombre |
Rosario Fernández, Reina Cristina |
| 245 10 - MENCIÓN DE TÍTULO |
| Título |
Aportes de Abigaíl Mejía a la historiografía dominicana : |
| Resto del título |
una feminista volando alto con las alas de Clío / |
| Mención de responsabilidad, etc. |
Reina Rosario |
| 250 ## - MENCIÓN DE EDICIÓN |
| Mención de edición |
Segunda edición |
| 264 #4 - PRODUCCIÓN, PUBLICACIÓN, DISTRIBUCIÓN, FABRICACIÓN Y COPYRIGHT |
| Producción, publicación, distribución, fabricación y copyright |
Santo Domingo, República Dominicana : |
| Nombre del de productor, editor, distribuidor, fabricante |
Cocolo Editorial, |
| Fecha de producción, publicación, distribución, fabricación o copyright |
©2019. |
| 300 ## - DESCRIPCIÓN FÍSICA |
| Extensión |
129 páginas : |
| Otras características físicas |
ilustraciones retratos ; |
| Dimensiones |
23 cm. |
| 336 ## - TIPO DE CONTENIDO |
| Término de tipo de contenido |
texto |
| Código de tipo de contenido |
txt |
| Fuente |
rdacontent |
| 337 ## - TIPO DE MEDIO |
| Nombre/término del tipo de medio |
sin mediación |
| Código del tipo de medio |
n |
| Fuente |
rdamedia |
| 338 ## - TIPO DE SOPORTE |
| Nombre/término del tipo de soporte |
volumen |
| Código del tipo de soporte |
nc |
| Fuente |
rdacarrier |
| 500 ## - NOTA GENERAL |
| Nota general |
Incluye datos biográficos de la autora. |
| 500 ## - NOTA GENERAL |
| Nota general |
Incluye notas a pie de paginas. |
| 500 ## - NOTA GENERAL |
| Nota general |
Discurso de Ingreso como miembro correspondiente nacional de la Academia Dominicana de la Historia. |
| 504 ## - NOTA DE BIBLIOGRAFÍA, ETC. |
| Nota de bibliografía, etc. |
Bibliografía : paginas 98-100 |
| 505 ## - NOTA DE CONTENIDO CON FORMATO |
| Nota de contenido con formato |
Gratitud, 11. -- Presentación, 13 -- Para empezar, 19.-- Exordio, 23.-- Aportes de Abigaíl Mejía a la historiografía dominicana, 30.-- Abigaíl Mejía: patriota, escritora y educadora, 30.-- Abigaíl Mejía: patriota, 37.-- Abigaíl Mejía: escritora, 40.-- Abigaíl Mejía: educadora, 41.-- Impronta de Abigaíl Mejía como pionera del feminismo dominicano, 44.-- Abigaíl volando alto con las alas de Clío, 85.-- La biografía del Padre Meriño escrita por Abigaíl Mejía, 61.-- Abigaíl Mejía, miembro de número del Instituto de Investigaciones Históricas, Silla S, 85.-- El Instituto de Investigaciones Históricas, 90.-- A modo de conclusión, 96.-- Bibliografía, 98.-- Datos biográficos de Reina Cristina Rosario Fernández, 101. -- Anexos. |
| 590 ## - NOTA LOCAL (RLIN) |
| Nota local |
Inventariado, 2021/ YL |
| 910 ## - DATOS DE OPCIÓN DEL USUARIO (OCLC) |
| Datos de opción del usuario |
YLockward |
| 942 ## - ELEMENTOS DE PUNTO DE ACCESO ADICIONAL (KOHA) |
| Fuente del sistema de clasificación o colocación |
Dewey Decimal Classification |
| Tipo de ítem Koha |
Libro |